Home Print Resources E-Books E-Journals IIMT Lecture Series Library Membership Form Book Recommendation Form Campus Tour Take AdmissionAbout Us Contact Us

Fundamentals of Physics (Record no. 5279)

000 -LEADER
fixed length control field 00372nam a2200157Ia 4500
003 - CONTROL NUMBER IDENTIFIER
control field OSt
005 - DATE AND TIME OF LATEST TRANSACTION
control field 20240226113136.0
008 - FIXED-LENGTH DATA ELEMENTS--GENERAL INFORMATION
fixed length control field 170524s9999 xx 000 0 und d
020 ## - INTERNATIONAL STANDARD BOOK NUMBER
International Standard Book Number 978-1119286240
040 ## - CATALOGING SOURCE
Transcribing agency IIMT UNIVERSITY MEERUT
100 ## - MAIN ENTRY--PERSONAL NAME
Personal name Halliday- David et al
245 #0 - TITLE STATEMENT
Title Fundamentals of Physics
260 ## - PUBLICATION, DISTRIBUTION, ETC.
Name of publisher, distributor, etc. Wiley India
260 ## - PUBLICATION, DISTRIBUTION, ETC.
Date of publication, distribution, etc. 2007
942 ## - ADDED ENTRY ELEMENTS (KOHA)
Source of classification or shelving scheme
Koha item type Book Bank
Holdings
Withdrawn status Lost status Source of classification or shelving scheme Damaged status Not for loan Home library Current library Date acquired Barcode Date last seen Price effective from Koha item type Total Checkouts Date last checked out
          IIMT University Central Library Meerut IIMT University Central Library Meerut 05/31/2017 01-B-43716 05/31/2017 05/31/2017 Book Bank    
          IIMT University Central Library Meerut IIMT University Central Library Meerut 05/31/2017 01-B-43717 01/15/2019 05/31/2017 Book Bank 1 08/18/2018
          IIMT University Central Library Meerut IIMT University Central Library Meerut 05/31/2017 01-B-43718 01/24/2018 05/31/2017 Book Bank 5 10/30/2017
          IIMT University Central Library Meerut IIMT University Central Library Meerut 05/31/2017 01-B-43719 05/31/2017 05/31/2017 Book Bank    
          IIMT University Central Library Meerut IIMT University Central Library Meerut 05/31/2017 01-B-43720 11/27/2024 05/31/2017 Book Bank 1 11/18/2024
IIMT, Central Library. All Rights Reserved IIMT,UNIVERSITY © 2023
Implemented and Customised by I CLOUDE EMS
You Are OPAC Visitor No
free web counter

Powered by Koha